Анализ концентрации дрейфующих электронов в ионном диоде с магнитной самоизоляцией; Письма в Журнал технической физики; Т. 41, вып. 3

Dades bibliogràfiques
Parent link:Письма в Журнал технической физики.— , 1975-
Т. 41, вып. 3.— 2015.— [С. 88-95]
Autor principal: Пушкарёв А. И. Александр Иванович
Autor corporatiu: Национальный исследовательский Томский политехнический университет Институт физики высоких технологий
Altres autors: Пак В. Г. Вадим Гехович
Sumari:Заглавие с экрана
Представлены результаты анализа концентрации дрейфующих электронов в ионном диоде с магнитной самоизоляцией. Исследования выполнены на ускорителе ТЕМП-4М в режиме формирования сдвоенных разнополярных импульсов --- первый отрицательный (300-600 ns, 150-200 kV) и второй положительный (120 ns, 250-300 kV). Показано, что концентрация электронов в области дрейфа составляет 1013-1014 cm-3. Получено, что сила Лоренца, действующая на электроны в скрещенном электрическом и магнитном полях, в 150-200 раз больше силы их кулоновского расталкивания. Это обеспечивает их большую концентрацию в области дрейфа, превышающую концентрацию в области пространственного заряда.
Режим доступа: по договору с организацией-держателем ресурса
Idioma:rus
Publicat: 2015
Matèries:
Accés en línia:http://elibrary.ru/item.asp?id=24196323
Format: MixedMaterials Electrònic Capítol de llibre
KOHA link:https://koha.lib.tpu.ru/cgi-bin/koha/opac-detail.pl?biblionumber=652302

MARC

LEADER 00000naa0a2200000 4500
001 652302
005 20250328150047.0
035 |a (RuTPU)RU\TPU\network\17574 
035 |a RU\TPU\network\15282 
090 |a 652302 
100 |a 20161216d2015 k||y0rusy50 ca 
101 0 |a rus 
102 |a RU 
135 |a drgn ---uucaa 
181 0 |a i  
182 0 |a b 
200 1 |a Анализ концентрации дрейфующих электронов в ионном диоде с магнитной самоизоляцией  |f А. И. Пушкарёв, В. Г. Пак 
203 |a Текст  |c электронный 
300 |a Заглавие с экрана 
320 |a [Библиогр.: с. 94-95 (12 назв.)] 
330 |a Представлены результаты анализа концентрации дрейфующих электронов в ионном диоде с магнитной самоизоляцией. Исследования выполнены на ускорителе ТЕМП-4М в режиме формирования сдвоенных разнополярных импульсов --- первый отрицательный (300-600 ns, 150-200 kV) и второй положительный (120 ns, 250-300 kV). Показано, что концентрация электронов в области дрейфа составляет 1013-1014 cm-3. Получено, что сила Лоренца, действующая на электроны в скрещенном электрическом и магнитном полях, в 150-200 раз больше силы их кулоновского расталкивания. Это обеспечивает их большую концентрацию в области дрейфа, превышающую концентрацию в области пространственного заряда. 
333 |a Режим доступа: по договору с организацией-держателем ресурса 
461 |t Письма в Журнал технической физики  |d 1975- 
463 |t Т. 41, вып. 3  |v [С. 88-95]  |d 2015 
610 1 |a электронный ресурс 
610 1 |a труды учёных ТПУ 
610 1 |a электронные пучки 
610 1 |a ионные диоды 
700 1 |a Пушкарёв  |b А. И.  |c физик  |c профессор Томского политехнического университета, доктор физико-математических наук  |c старший научный сотрудник НИИ ВН Томского политехнического университета  |f 1954-  |g Александр Иванович  |3 (RuTPU)RU\TPU\pers\26414  |9 12118 
701 1 |a Пак  |b В. Г.  |c физик  |c техник Томского политехнического университета  |f 1992-  |g Вадим Гехович  |3 (RuTPU)RU\TPU\pers\32446  |9 16395 
712 0 2 |a Национальный исследовательский Томский политехнический университет  |b Институт физики высоких технологий  |3 (RuTPU)RU\TPU\col\17233  |9 26577 
801 2 |a RU  |b 63413507  |c 20170208  |g RCR 
856 4 |u http://elibrary.ru/item.asp?id=24196323 
942 |c CF